Top 100 Most Influential People in History - Statistics

General Stats
  • This quiz has been taken 719 times
  • The average score is 37 of 100
Answer Stats
Rank Life Span Field Answer % Correct
3 c. 4 BCE–c. 30 CE Religion Jesus Christ
97%
1 570–632 CE Religion/Politics Muhammad
89%
2 1643–1727 Science Isaac Newton
88%
10 1879–1955 Science Albert Einstein
81%
9 1451–1506 Exploration Christopher Columbus
81%
31 428 BCE–348 BCE Philosophy Plato
79%
26 1452–1519 Art/Science Leonardo da Vinci
75%
30 470 BCE–399 BCE Philosophy Socrates
74%
4 c. 563 BCE–c. 483 BCE Religion Buddha
71%
29 100 BCE–44 BCE Politics Julius Caesar
71%
36 1732–1799 Politics George Washington
70%
13 384 BCE–322 BCE Philosophy Aristotle
69%
41 1770–1827 Music Ludwig van Beethoven
68%
25 1756–1791 Music Wolfgang Amadeus Mozart
67%
33 1809–1865 Politics Abraham Lincoln
64%
27 1483–1546 Religion Martin Luther
61%
23 1564–1616 Literature William Shakespeare
60%
54 1955– Technology Bill Gates
58%
45 1847–1931 Invention Thomas Edison
57%
38 356 BCE–323 BCE Politics Alexander the Great
56%
24 1769–1821 Politics Napoleon Bonaparte
56%
53 1955–2011 Technology Steve Jobs
56%
5 551 BCE–479 BCE Philosophy Confucius
55%
66 551 BCE – 479 BCE Philosophy Confucius
55%
12 1564–1642 Science Galileo Galilei
55%
47 1475–1564 Art Michelangelo
55%
70 1874–1965 Politics Winston Churchill
54%
32 c. 1162–1227 Politics/Conquest Genghis Khan
52%
21 1869–1948 Politics Mahatma Gandhi
52%
52 1971– Technology Elon Musk
51%
84 1881–1973 Art Pablo Picasso
51%
42 1867–1934 Science Marie Curie
50%
39 1685–1750 Music Johann Sebastian Bach
49%
44 1856–1939 Psychology Sigmund Freud
49%
28 1818–1883 Politics/Philosophy Karl Marx
48%
97 1856–1943 Science/Technology Nikola Tesla
46%
34 1743–1826 Politics Thomas Jefferson
46%
85 1853–1890 Art Vincent van Gogh
46%
18 63 BCE–14 CE Politics Augustus Caesar
44%
57 1984– Technology Mark Zuckerberg
43%
16 1809–1882 Science Charles Darwin
42%
15 c. 1391 BCE–c. 1271 BCE Religion Moses
42%
71 1858–1919 Politics Theodore Roosevelt
42%
22 1723–1790 Economics Adam Smith
39%
35 1706–1790 Science/Politics Benjamin Franklin
39%
77 c. 1480–1521 Exploration Ferdinand Magellan
38%
96 2003– Activism Greta Thunberg
37%
19 1473–1543 Science Nicolaus Copernicus
37%
8 c. 1400–1468 Invention Johann Gutenberg
36%
43 1918–2013 Politics Nelson Mandela
36%
50 1847–1922 Invention Alexander Graham Bell
35%
99 1920–1958 Science Rosalind Franklin
35%
73 c. 1460–1524 Exploration Vasco da Gama
35%
64 c. 287 BCE–c. 212 BCE Mathematics Archimedes
34%
90 69 BCE–30 BCE Politics Cleopatra
34%
37 1819–1901 Politics Queen Victoria
34%
76 1254–1324 Exploration Marco Polo
33%
6 c. 5–c. 67 CE Religion Paul of Tarsus
31%
88 1883–1971 Fashion Coco Chanel
29%
59 1596–1650 Philosophy/Math René Descartes
29%
62 1942–2018 Science Stephen Hawking
29%
98 1871–1948 Invention Wright Brothers
28%
11 1822–1895 Science Louis Pasteur
26%
14 c. 300 BCE Mathematics Euclid
25%
48 1632–1704 Philosophy John Locke
24%
68 1694–1778 Literature Voltaire
23%
74 1485–1547 Exploration Hernán Cortés
22%
94 c. 1412–1431 Military/Religion Joan of Arc
22%
78 1930–2012 Exploration Neil Armstrong
22%
51 1736–1819 Invention James Watt
20%
81 1775–1817 Literature Jane Austen
19%
69 1925–2013 Politics Margaret Thatcher
19%
49 1712–1778 Philosophy Jean-Jacques Rousseau
18%
63 1912–1954 Technology Alan Turing
17%
86 1928–1987 Art Andy Warhol
16%
83 1828–1910 Literature Leo Tolstoy
16%
60 1561–1626 Science Francis Bacon
14%
58 1571–1630 Science Johannes Kepler
14%
89 1755–1793 Politics Marie Antoinette
14%
93 1820–1910 Medicine Florence Nightingale
13%
80 1897–1937 Exploration Amelia Earhart
12%
95 1997– Activism Malala Yousafzai
12%
87 1907–1954 Art Frida Kahlo
10%
82 1821–1881 Literature Fyodor Dostoevsky
10%
91 1729–1796 Politics Catherine the Great
9%
17 259 BCE–210 BCE Politics Shih Huang Ti
9%
92 c. 1822–1913 Politics/Activism Harriet Tubman
8%
67 1623–1662 Mathematics Blaise Pascal
7%
56 1973– Technology Larry Page
7%
55 1973– Technology Sergey Brin
7%
79 1934–1968 Exploration Yuri Gagarin
7%
100 1815–1852 Mathematics Ada Lovelace
4%
72 1632 – 1677 Philosophy Baruch Spinoza
4%
20 1632–1723 Science Antonine van Leeuwenhoek
3%
65 c. 980–1037 Medicine/Philosophy Avicenna
3%
75 c. 1500 – 1542 Exploration Hernando de Soto
3%
61 c. 780–c. 850 Mathematics Al-Khwarizmi
2%
46 c. 599 BCE–c. 527 BCE Religion Mahavira
2%
7 c. 50–121 CE Invention Ts'ai Lun
2%
40 1920–1992 Literature Isaac Asimov
1%
No matching quizzes found
Score Distribution
Percent of People with Each Score
Percentile by Number Answered
Your Score History
You have not taken this quiz